| 000 | 00541nam a2200181Ia 4500 | ||
|---|---|---|---|
| 999 |
_c34736 _d34736 |
||
| 003 | OSt | ||
| 005 | 20200813114542.0 | ||
| 008 | 190216s9999||||xx |||||||||||||| ||und|| | ||
| 020 | _a9788131517154 | ||
| 040 | _coclc | ||
| 082 |
_a543.5 _bLAM/S |
||
| 100 |
_aLampman, Gary M _94098 |
||
| 245 | 0 |
_aSpectroscopy / _cGary M Lampman ; Donald L Pavia ; George S Kriz ; James R Vyvyan |
|
| 250 | _a4th Ed. | ||
| 260 |
_bCengage Learning, _c2010. _aDelhi: |
||
| 300 | _a647p | ||
| 942 |
_cBK _2ddc _h543.5 _iLAM/S _k543.5 _mLAM/S |
||